KHTN, tập 1B (Dành cho Hs THCS)

Sparad:
Bibliografiska uppgifter
Materialtyp: Bok
Taggar: Lägg till en tagg
Inga taggar, Lägg till första taggen!
Thư viện lưu trữ: Mạng thư viện Đại học Đà Nẵng
LEADER 00407nam a22001691a 4500
001 000040326
003 16621
005 20160412022912.0
008 160412s0 000
082 |a 4N(TK)2068 
245 |a KHTN, tập 1B (Dành cho Hs THCS) 
OWN |a LNN 
999 |a From the UDN01 
TYP |a Monograph 
980 |a Mạng thư viện Đại học Đà Nẵng